00898cam a2200253 i 450000100090000000300040000900500170001300800410003001000170007102000180008804000280010604200080013408200250014210000190016724501080018626000330029430000280032749000340035550400660038990600450045594200120050099900170051295201150052917690846OSt20170105102906.0130409s2012 enk b 001 0 eng  a 2012533071 a9781780760261 aDLCbengcDLCerdadDLC apcc a323.609561bINC 20121 aInce, Baðsak.10aCitizenship and identity in Turkey :bfrom Atatèurk's republic to the present day /cBaðsak çInce. aLondon :bI.B. Tauris,c2012 ax , 292 pages ;c23 cm.0 aLibrary of modern Turkey ;v5 aIncludes bibliographical references (p. [257]-285) and index. a0bibccorignewd2encipf20gy-gencatlg 2ddccBK c14899d14899 001040708NFICaCIPSbCIPScGENd2013-10-01l0o323.609561 INC 2012pCIPS0001187r2013-10-24w2013-10-24yBK